00702nam a22001935i 450000100060000000300090000600500170001500700030003200800410003504000200007611100550009624500690015126000300022030000400025061100550029085200210034599900170036695201250038353524ES-MaACL20230906162801.0t|951002s1889 fr ||||1| fre d aCAM bspa cCAM2 aExposición Universal (d1889. cParís)913515410aExposition de 1889 b: Guide bleu du Figaro et du Petit Journal. aParis : b[s.n., c1889?] a288, [16] p., [5] h. de plan. pleg.2 aExposición Universal. d1889. cParís)9135154 aES-MaACLjG-3957 c53524d53524 001040708LIBXIXaATENEOMbATENEOMcDEPO2d2008-01-17eSCl0oG-3957p1056244r2023-02-23 00:00:00w2023-02-23yMONANT